| 000 | 00526nam a2200181 i 4500 | ||
|---|---|---|---|
| 001 | 58250 | ||
| 003 | ES-MaACL | ||
| 007 | t| | ||
| 008 | 031021s1907 fr ||||1| fre d | ||
| 100 | 1 |
_aDomoulin, Maurice. _945267 |
|
| 245 | 1 | 0 |
_aFigures du temps passé / _cpar Maurice Dumoulin. |
| 260 |
_aParís : _bF. Alcan, _c1907. |
||
| 300 |
_a284 p. ; _c19 cm. |
||
| 490 | 1 | _aBibliothèque d'histoire contemporaine | |
| 830 | 0 |
_aBibliothèque d'histoire contemporaine _9180875 |
|
| 852 |
_aES-MaACL _jG-7256 |
||
| 999 |
_c58250 _d58250 |
||